| 000 | 00675nam a2200253Ia 4500 | ||
|---|---|---|---|
| 003 | OSt | ||
| 005 | 20221005093857.0 | ||
| 006 | a|||||r|||| 00| 0 | ||
| 007 | ta | ||
| 008 | 221004b |||||||| |||| 00| 0 eng d | ||
| 020 | _a1872748767 | ||
| 024 | _a17576 | ||
| 037 | _cTextual | ||
| 040 |
_aCRL _cCRL _beng |
||
| 041 |
_2eng _aeng |
||
| 082 | _aG116, N6 | ||
| 100 |
_aDawson M.T. and others _9618782 |
||
| 245 | 0 | _aGene technology | |
| 260 |
_aOxford _bBIOS Scientific Publishers UK _c1996 |
||
| 300 |
_aix,118p. Glossary p.109-14 _ccm. |
||
| 650 | _aBIOLOGY | ||
| 942 |
_hG116, N6 _cTEXL _2cc |
||
| 999 |
_c1001058 _d1001058 |
||